Orbe indiano: de la monarquía católica a la República criolla, 1492-1867

Shranjeno v:
Bibliografske podrobnosti
Glavni avtor: Brading, David A (Author)
Format: Knjiga
Jezik:španščina
Izdano: Ciudad de México Fondo de Cultura Económica 1991
Izdaja:1a. ed
Serija:Sección de Obras de Historia
Teme:
Oznake: Označite
Brez oznak, prvi označite!

MARC

LEADER 00000cam a2200000 a 4500
001 UCH2394
003 CL-VaPUC
008 090611e19910000MX |||||||||||||||||spa|d
020 |a 9789681636579 
020 |a 9786071631763 
082 0 4 |a 980.013  |b BRA  |2 21 
100 0 |a Brading, David A  |e author  |9 537178 
245 1 0 |a Orbe indiano: de la monarquía católica a la República criolla, 1492-1867 
250 |a 1a. ed 
300 |a 770 p 
942 |c BK 
945 |d 20090611 00:00:00  |a cmena 
260 |a Ciudad de México  |b Fondo de Cultura Económica  |c 1991 
650 7 |a HISTORIA DE AMERICA SIGLOS 15-19  |2 CL-VaPUC  |9 537179 
650 7 |a MONARQUIA ESPAÑOLA  |2 CL-VaPUC  |9 537180 
650 0 |a Iglesia y Estado  |9 254995 
650 7 |a EVANGELIZACION  |2 CL-VaPUC  |9 537181 
650 7 |a NACIONALISMO  |2 CL-VaPUC  |9 537182 
650 7 |a DESCUBRIMIENTO Y CONQUISTA  |2 CL-VaPUC  |9 268482 
651 0 |a América  |9 255182 
583 |a last modification  |c 20180522 08:53:27  |k Rodrigo Vera 
490 0 |a Sección de Obras de Historia 
999 |c 334135  |d 334133 
952 |0 0  |1 0  |4 0  |6 980_013000000000000_BRA_1991  |7 0  |8 A  |9 422959  |a BIBHIS  |b BIBHIS  |d 2019-11-22  |i 4561511  |l 3  |o 980.013 BRA 1991  |p 4561511  |r 2025-01-20  |s 2022-05-30  |w 2019-11-22  |y BK  |k HIS 
952 |0 0  |1 0  |3 erd  |4 0  |6 980_013000000000000_BRA_1991  |7 0  |8 A  |9 422960  |a FDOHBE  |b FDOHBE  |e Huesbe Llanos, Marco Antonio, 1934-  |i 5331773  |o 980.013 BRA 1991  |p 5331773  |r 2024-01-30  |w 2019-11-22  |y BK  |z Catalogado en:20160713  |k HBE 
952 |0 0  |1 0  |3 erb  |4 0  |6 980_013000000000000_BRA_1991  |7 0  |8 A  |9 422961  |a BIBHIS  |b BIBHIS  |i 5471745  |o 980.013 BRA 1991  |p 5471745  |r 2025-01-20  |w 2019-11-22  |y BK  |z Catalogado en:20180527  |k HIS